| 000 | 00353nam a2200133Ia 4500 | ||
|---|---|---|---|
| 008 | 220216s9999 xx 000 0 und d | ||
| 100 | _aThomas E.V. | ||
| 245 | 0 | _aProgress in production and specifications of crumb rubber | |
| 260 |
_bRubber Board Bulletin _c1987 |
||
| 300 | _a21-28 | ||
| 650 | _aBlock rubber | ||
| 650 | _aCrumb rubber | ||
| 942 | _cBS | ||
| 999 |
_c50838 _d50838 |
||